<?xml version="1.0" encoding="UTF-8"?>
<record
    xmlns:xsi="http://www.w3.org/2001/XMLSchema-instance"
    xsi:schemaLocation="http://www.loc.gov/MARC21/slim http://www.loc.gov/standards/marcxml/schema/MARC21slim.xsd"
    xmlns="http://www.loc.gov/MARC21/slim">

  <leader>00787nam a22001577a 4500</leader>
  <controlfield tag="003">OSt</controlfield>
  <controlfield tag="005">20160630095211.0</controlfield>
  <controlfield tag="008">160630b        xxu||||| |||| 00| 0 eng d</controlfield>
  <datafield tag="040" ind1=" " ind2=" ">
    <subfield code="c">RUA</subfield>
  </datafield>
  <datafield tag="082" ind1=" " ind2=" ">
    <subfield code="a">VEM SAN 2015 B484 Or.1</subfield>
  </datafield>
  <datafield tag="100" ind1=" " ind2=" ">
    <subfield code="9">8553</subfield>
    <subfield code="a">SAN KOSAL; &#x179F;&#x17B6;&#x1793; &#x1780;&#x17BB;&#x179F;&#x179B;</subfield>
  </datafield>
  <datafield tag="245" ind1=" " ind2=" ">
    <subfield code="a">Effectiveness of antibiotics on poglet's diarrhea during wearning in folden pig farm at kampong chhnang province, &#x1794;&#x17D2;&#x179A;&#x179F;&#x17B7;&#x1791;&#x17D2;&#x1792;&#x1797;&#x17B6;&#x1796;&#x17A2;&#x1784;&#x17CB;&#x1791;&#x17B8;&#x1794;&#x17CA;&#x17B8;&#x1799;&#x17C9;&#x17BC;&#x1791;&#x17B7;&#x1780;&#x1791;&#x17C5;&#x179B;&#x17BE;&#x1787;&#x17C6;&#x1784;&#x17BA;&#x179A;&#x17B6;&#x1780;&#x1780;&#x17BC;&#x1793;&#x1787;&#x17D2;&#x179A;&#x17BC;&#x1780;&#x17A2;&#x17C6;&#x17A1;&#x17BB;&#x1784;&#x1796;&#x17C1;&#x179B;&#x1795;&#x17D2;&#x178A;&#x17B6;&#x1785;&#x17CB;&#x178A;&#x17C4;&#x17C7;&#x1793;&#x17C5;&#x1780;&#x17D2;&#x1793;&#x17BB;&#x1784;&#x1780;&#x179F;&#x17B7;&#x178A;&#x17D2;&#x178B;&#x17B6;&#x1793; &#x1787;&#x17D2;&#x179A;&#x17BC;&#x1780; &#x1798;&#x17B6;&#x179F; &#x1781;&#x17C1;&#x178F;&#x17D2;&#x178F;&#x1780;&#x17C6;&#x1796;&#x1784;&#x17CB;&#x1792;&#x17C6;</subfield>
  </datafield>
  <datafield tag="260" ind1=" " ind2=" ">
    <subfield code="a">Phnom Penh</subfield>
    <subfield code="b">RUA</subfield>
    <subfield code="c">2015</subfield>
  </datafield>
  <datafield tag="300" ind1=" " ind2=" ">
    <subfield code="a">x,38p.</subfield>
    <subfield code="b">ill.</subfield>
    <subfield code="c">29cm.</subfield>
  </datafield>
  <datafield tag="942" ind1=" " ind2=" ">
    <subfield code="2">ddc</subfield>
    <subfield code="c">VEM</subfield>
  </datafield>
  <datafield tag="999" ind1=" " ind2=" ">
    <subfield code="c">8198</subfield>
    <subfield code="d">8198</subfield>
  </datafield>
  <datafield tag="952" ind1=" " ind2=" ">
    <subfield code="0">0</subfield>
    <subfield code="1">0</subfield>
    <subfield code="2">ddc</subfield>
    <subfield code="4">0</subfield>
    <subfield code="6">VEM_SAN_2014_000000000000000_B484_OR_1</subfield>
    <subfield code="7">0</subfield>
    <subfield code="9">46903</subfield>
    <subfield code="a">LBB</subfield>
    <subfield code="b">LBB</subfield>
    <subfield code="c">B484</subfield>
    <subfield code="d">2016-06-30</subfield>
    <subfield code="o">VEM SAN 2014 B484 Or.1</subfield>
    <subfield code="p">RUA059485</subfield>
    <subfield code="r">2016-06-30</subfield>
    <subfield code="w">2016-06-30</subfield>
    <subfield code="y">VEM</subfield>
  </datafield>
  <datafield tag="952" ind1=" " ind2=" ">
    <subfield code="0">0</subfield>
    <subfield code="1">0</subfield>
    <subfield code="2">ddc</subfield>
    <subfield code="4">0</subfield>
    <subfield code="6">VEM_SAN_2014_000000000000000_B484_OR_2</subfield>
    <subfield code="7">0</subfield>
    <subfield code="9">46904</subfield>
    <subfield code="a">LBB</subfield>
    <subfield code="b">LBB</subfield>
    <subfield code="c">B484</subfield>
    <subfield code="d">2016-06-30</subfield>
    <subfield code="l">1</subfield>
    <subfield code="m">1</subfield>
    <subfield code="o">VEM SAN 2014 B484 Or.2</subfield>
    <subfield code="p">RUA057600</subfield>
    <subfield code="r">2016-08-20</subfield>
    <subfield code="s">2016-07-05</subfield>
    <subfield code="w">2016-06-30</subfield>
    <subfield code="y">VEM</subfield>
  </datafield>
  <datafield tag="952" ind1=" " ind2=" ">
    <subfield code="0">0</subfield>
    <subfield code="1">0</subfield>
    <subfield code="2">ddc</subfield>
    <subfield code="4">0</subfield>
    <subfield code="6">VEM_SAN_2014_000000000000000_B484_OR_3</subfield>
    <subfield code="7">0</subfield>
    <subfield code="9">46905</subfield>
    <subfield code="a">LBB</subfield>
    <subfield code="b">LBB</subfield>
    <subfield code="c">B484</subfield>
    <subfield code="d">2016-06-30</subfield>
    <subfield code="o">VEM SAN 2014 B484 Or.3</subfield>
    <subfield code="p">RUA057413</subfield>
    <subfield code="r">2016-06-30</subfield>
    <subfield code="w">2016-06-30</subfield>
    <subfield code="y">VEM</subfield>
  </datafield>
  <datafield tag="952" ind1=" " ind2=" ">
    <subfield code="0">0</subfield>
    <subfield code="1">0</subfield>
    <subfield code="2">ddc</subfield>
    <subfield code="4">0</subfield>
    <subfield code="6">VEM_SAN_2014_000000000000000_B484_OR_4</subfield>
    <subfield code="7">0</subfield>
    <subfield code="9">46906</subfield>
    <subfield code="a">LBB</subfield>
    <subfield code="b">LBB</subfield>
    <subfield code="c">B484</subfield>
    <subfield code="d">2016-06-30</subfield>
    <subfield code="o">VEM SAN 2014 B484 Or.4</subfield>
    <subfield code="p">RUA059304</subfield>
    <subfield code="r">2016-06-30</subfield>
    <subfield code="w">2016-06-30</subfield>
    <subfield code="y">VEM</subfield>
  </datafield>
  <datafield tag="952" ind1=" " ind2=" ">
    <subfield code="0">0</subfield>
    <subfield code="1">0</subfield>
    <subfield code="2">ddc</subfield>
    <subfield code="4">0</subfield>
    <subfield code="6">VEM_SAN_2014_000000000000000_B484_OR_5</subfield>
    <subfield code="7">0</subfield>
    <subfield code="9">46907</subfield>
    <subfield code="a">LBB</subfield>
    <subfield code="b">LBB</subfield>
    <subfield code="c">B484</subfield>
    <subfield code="d">2016-06-30</subfield>
    <subfield code="o">VEM SAN 2014 B484 Or.5</subfield>
    <subfield code="p">RUA057355</subfield>
    <subfield code="r">2016-06-30</subfield>
    <subfield code="w">2016-06-30</subfield>
    <subfield code="y">VEM</subfield>
  </datafield>
  <datafield tag="952" ind1=" " ind2=" ">
    <subfield code="0">0</subfield>
    <subfield code="1">0</subfield>
    <subfield code="2">ddc</subfield>
    <subfield code="4">0</subfield>
    <subfield code="6">VEM_SAN_2014_000000000000000_B484_OR_6</subfield>
    <subfield code="7">0</subfield>
    <subfield code="9">46908</subfield>
    <subfield code="a">LBB</subfield>
    <subfield code="b">LBB</subfield>
    <subfield code="c">B484</subfield>
    <subfield code="d">2016-06-30</subfield>
    <subfield code="o">VEM SAN 2014 B484 Or.6</subfield>
    <subfield code="p">RUA057476</subfield>
    <subfield code="r">2016-06-30</subfield>
    <subfield code="w">2016-06-30</subfield>
    <subfield code="y">VEM</subfield>
  </datafield>
  <datafield tag="952" ind1=" " ind2=" ">
    <subfield code="0">0</subfield>
    <subfield code="1">0</subfield>
    <subfield code="2">ddc</subfield>
    <subfield code="4">0</subfield>
    <subfield code="6">VEM_SAN_2014_000000000000000_B484_OR_7</subfield>
    <subfield code="7">0</subfield>
    <subfield code="9">46909</subfield>
    <subfield code="a">LBB</subfield>
    <subfield code="b">LBB</subfield>
    <subfield code="c">B484</subfield>
    <subfield code="d">2016-06-30</subfield>
    <subfield code="o">VEM SAN 2014 B484 Or.7</subfield>
    <subfield code="p">RUA057357</subfield>
    <subfield code="r">2016-06-30</subfield>
    <subfield code="w">2016-06-30</subfield>
    <subfield code="y">VEM</subfield>
  </datafield>
  <datafield tag="952" ind1=" " ind2=" ">
    <subfield code="0">0</subfield>
    <subfield code="1">0</subfield>
    <subfield code="2">ddc</subfield>
    <subfield code="4">0</subfield>
    <subfield code="6">VEM_SAN_2014_000000000000000_B484_OR_8</subfield>
    <subfield code="7">0</subfield>
    <subfield code="9">46910</subfield>
    <subfield code="a">LBB</subfield>
    <subfield code="b">LBB</subfield>
    <subfield code="c">B484</subfield>
    <subfield code="d">2016-06-30</subfield>
    <subfield code="o">VEM SAN 2014 B484 Or.8</subfield>
    <subfield code="p">RUA058924</subfield>
    <subfield code="r">2016-06-30</subfield>
    <subfield code="w">2016-06-30</subfield>
    <subfield code="y">VEM</subfield>
  </datafield>
  <datafield tag="952" ind1=" " ind2=" ">
    <subfield code="0">0</subfield>
    <subfield code="1">0</subfield>
    <subfield code="2">ddc</subfield>
    <subfield code="4">0</subfield>
    <subfield code="6">VEM_SAN_2015_000000000000000_B694_OR_1</subfield>
    <subfield code="7">0</subfield>
    <subfield code="9">87661</subfield>
    <subfield code="a">LBB</subfield>
    <subfield code="b">LBB</subfield>
    <subfield code="c">B694</subfield>
    <subfield code="d">2021-11-23</subfield>
    <subfield code="o">VEM SAN 2015 B694 Or.1</subfield>
    <subfield code="p">a066327</subfield>
    <subfield code="r">2021-11-23</subfield>
    <subfield code="w">2021-11-23</subfield>
    <subfield code="y">VEM</subfield>
  </datafield>
  <datafield tag="952" ind1=" " ind2=" ">
    <subfield code="0">0</subfield>
    <subfield code="1">0</subfield>
    <subfield code="2">ddc</subfield>
    <subfield code="4">0</subfield>
    <subfield code="6">VEM_SAN_2015_000000000000000_B694_OR_1</subfield>
    <subfield code="7">0</subfield>
    <subfield code="9">87662</subfield>
    <subfield code="a">LBB</subfield>
    <subfield code="b">LBB</subfield>
    <subfield code="c">B694</subfield>
    <subfield code="d">2021-11-23</subfield>
    <subfield code="o">VEM SAN 2015 B694 Or.1</subfield>
    <subfield code="p">a066447</subfield>
    <subfield code="r">2021-11-23</subfield>
    <subfield code="w">2021-11-23</subfield>
    <subfield code="y">VEM</subfield>
  </datafield>
  <datafield tag="952" ind1=" " ind2=" ">
    <subfield code="0">0</subfield>
    <subfield code="1">0</subfield>
    <subfield code="2">ddc</subfield>
    <subfield code="4">0</subfield>
    <subfield code="6">VEM_SAN_2015_000000000000000_B694_OR_1</subfield>
    <subfield code="7">0</subfield>
    <subfield code="9">87663</subfield>
    <subfield code="a">LBB</subfield>
    <subfield code="b">LBB</subfield>
    <subfield code="c">B694</subfield>
    <subfield code="d">2021-11-23</subfield>
    <subfield code="o">VEM SAN 2015 B694 Or.1</subfield>
    <subfield code="p">a066387</subfield>
    <subfield code="r">2021-11-23</subfield>
    <subfield code="w">2021-11-23</subfield>
    <subfield code="y">VEM</subfield>
  </datafield>
</record>
